| 000 | 00721nam a22002177a 4500 | ||
|---|---|---|---|
| 999 |
_c10234 _d10234 |
||
| 003 | AR-CdUCM | ||
| 008 | 190329b ||||| |||| 00| 0 spa d | ||
| 040 |
_aMUNICIPALIDAD PROVINCIAL DEL CUSCO _cBIBLIOTECA MUNICIPAL DEL CUSCO |
||
| 082 |
_24ed. _aES / 800 / _bS42 |
||
| 100 |
_aSerrano Plaja, A. _926959 |
||
| 245 | _aGrandes poetas / | ||
| 260 |
_aBuenos aires : _bAtlantida, S.A., _c1958. |
||
| 300 |
_a129 paginas ; _c17 cm. |
||
| 440 |
_aBiblioteca Billiken. _nColección verde. _926885 |
||
| 505 | _aContenido :Homero -- Virgilio -- Dante -- Camoens -- Lope de Vega ... | ||
| 650 |
_aBiografías _9148 |
||
| 650 |
_aHistoria universal _91423 |
||
| 650 |
_aEdad media _9454 |
||
| 942 |
_2ddc _cLIBROS |
||
| 945 | _arum | ||